00619nam a22001817a 45000050016000000100017000160200027000330350017000600370027000770820006001041000028001102450112001382600037002502700061002873000022003486500048003707000019004182011033002192.0 aB-424118-121 a9780143067733 c150.00 aB-424118-121 bResearchco Book Centre04aN1 aMukhopadhyay, Sirshendu10aThere was no one at the bus stop /cby Sirshendu Mukhopadhyay; translated from the Bengali by Arunava Sinha aNew Delhi bPenguin Books c2010 a11 Community Centre, Panchsheel ParkbNew Delhi e110017 a121 p.c20cm(pbk) 0aBengali fictionvTranslations into English.1 aSinha, Arunava